Modern digital electronics / (Record no. 30975)

MARC details
000 -LEADER
fixed length control field 00641nam a22002297a 4500
005 - DATE AND TIME OF LATEST TRANSACTION
control field 20181218154319.0
010 ## - LCCN (DPL NO)
LC control number ENG-95151
020 ## - INTERNATIONAL STANDARD BOOK NUMBER
International Standard Book Number 9780070669116
Terms of availability 325.00
020 ## - INTERNATIONAL STANDARD BOOK NUMBER
International Standard Book Number 0070669112
Terms of availability 325.00
035 ## - SYSTEM CONTROL NUMBER
System control number EN-78683, B-490490
037 ## - SOURCE OF ACQUISITION
Source of stock number/acquisition DBAD/PUB
082 ## - DEWEY DECIMAL CLASSIFICATION NUMBER
Classification number 621.3815
100 ## - MAIN ENTRY--PERSONAL NAME
Personal name Jain, R.P.
245 ## - TITLE STATEMENT
Title Modern digital electronics /
Statement of responsibility, etc by R P Jain
250 ## - EDITION STATEMENT
Edition statement 4th ed.
260 ## - PUBLICATION, DISTRIBUTION, ETC. (IMPRINT)
Place of publication, distribution, etc New Delhi
Name of publisher, distributor, etc Tata McGraw Hill Education
Date of publication, distribution, etc 2010
270 ## - ADDRESS
Address 7, West Patel Nagar
City New Delhi
Postal code 110008
300 ## - PHYSICAL DESCRIPTION
Extent xvi, 712 p.
Dimensions 24cm (Pbk)
500 ## - GENERAL NOTE
General note Includes index
942 ## - ADDED ENTRY ELEMENTS (KOHA)
Source of classification or shelving scheme Dewey Decimal Classification
Item type English Books
Call number suffix JAI
Classification part 621.3815
Holdings
Withdrawn status Lost status Not for loan Collection code Home library Current library Date acquired Source of acquisition Cost, normal purchase price Full call number Barcode Copy number Cost, replacement price Koha item type
    Not For Loan Non-fiction D.B.Act.Division D.B.Act.Division 20/10/2009 DBAD / PUB 325.00 621.3815 JAI EN-78684 1 325.00 English Books
      Non-fiction Shahdara Branch Shahdara Branch 01/08/2018 BPPD/PUB 0.00 621.3815 JAI B-490490   0.00 English Books

© Delhi Public Library
Hit Counter
free hit counter